00516nam a22001817a 4500003001100000005001700011008004100028020001500069040003900084041000800123082001600131100002300147245005300170260006400223300001700287650001500304650001500319LK-CoMWRAF20231206131213.0230929b1993 |||||||| |||| 00| 0 eng d a9556050248 aLK-CoMWRAFdLK-CoMWRAFeLK-CoMWRAF aeng a616.86bFEK aFekjaer, Hans Olav aAlcohol and illicit drugs: bmyths and realities a Colombo:bIOGT Alcohol and Drug Information Centre, c1993 a 149p. 23 cm aALCOHOLISM aDrug abuse